000 00568nam a2200205Ia 4500
001 5712
003 GE_BSU
008 181216s||||||||xx |||||||||||||| ||und||
040 _cGE_BSU
080 _a519.61
100 _aВоеводин, В.В
245 _aЧисленные методы алгебры. Теория и алгоритмы
245 _cРед. Г.С.Росляков
260 _aМосква
260 _bНаука
260 _c1966
300 _a248 с. 20 см.
653 _aЧисленные методы алгебры
942 _cBK
999 _c39129
_d39129